| 000 | 00580nam a2200229Ia 4500 | ||
|---|---|---|---|
| 003 | 0100 | ||
| 008 | 130307s9999 xx 000 0 und d | ||
| 020 | _a080912629X | ||
| 040 | _cARRUPELIB | ||
| 050 | _aBF1078.S23 1984 | ||
| 100 | _aSavary , Louis M | ||
| 245 | _aDreams and spiritual growth | ||
| 245 | _ba judeo-christian way of dreamwork | ||
| 260 | _aMahwah , New ersey | ||
| 260 | _bPaulist Press | ||
| 260 | _c1984 | ||
| 300 | _axi | ||
| 300 | _b241p. 25cm. | ||
| 650 | _aPSYCHOLOGY | ||
| 700 | _aBerne , Patricia H ; Williams , Strephon Kaplan | ||
| 942 | 0 | 0 | _01 |
| 999 |
_c96086 _d96086 |
||